[Event "Caplin British Online-ch Women 2020"]
[Site "Online"]
[Date "2020.12.27"]
[Round "4.2"]
[White "Varney, Zoe"]
[Black "ThinRoseLeapfrog"]
[Result "1-0"]
[WhiteElo "1917"]
[BlackElo "1473"]
[Annotator "TA"]
[PlyCount "119"]
[EventDate "2020.12.21"]
[EventType "swiss"]
[EventCountry "NET"]
[SourceTitle "playchess.com"]
[Source "ChessBase"]
[SourceQuality "1"]

{[%evp 9,119,229,225,238,260,253,277,268,277,254,252,223,242,243,246,226,284,272,272,184,169,158,155,-56,-61,-60,-49,-45,-30,-121,-121,-119,-117,-117,0,0,0,0,237,231,298,79,67,29,38,37,99,63,66,68,97,93,121,121,131,83,100,107,131,131,131,131,138,96,268,8,8,0,437,437,29967,29965,29965,29967,29969,29973,29973,29974,29974,29974,29974,29969,29969,29969,29969,29968,29968,29969,29982,29983,29983,29984,29986,29984,29984,29985,29985,29978,29996,29981,29997,29980,29998,29981,29981,29980,29980,29979,29980,29976,29976,29976]} 1. e4 c5 2. Nf3 d6 3. c3 Nf6 4. Be2 Nxe4 5. Qa4+ Nc6 6. Qxe4 {B50: Sicilian: 2...d6, Miscellaneous.} g6 7. Bb5 Bd7 {[#]} 8. d4 $146 {White has a decisive advantage.} ({Predecessor:} 8. Qe2 Bg7 9. O-O O-O 10. d3 a6 11. Bxc6 Bxc6 12. Be3 b5 13. Rd1 Rb8 14. d4 Bxf3 15. Qxf3 {1-0 (40) Berdin,V (1469)-Schmidtmann,S (1467) Magdeburg 2013}) 8... cxd4 9. Nxd4 Rc8 10. Be3 Bg7 11. O-O O-O {If Black can now play ...Nxd4 this consolidates a bit.} 12. Nxc6 Bxc6 13. Bxc6 bxc6 14. Bxa7 c5 15. Na3 Qa5 16. Qb7 ({White must play} 16. Qxe7 $16 {And now Nc4 would win.} Ra8 17. Qxd6 Qxa7 18. Nc4) 16... Rc7 $15 17. Bb6 {[%mdl 64] [#] Double Attack} Rxb7 18. Bxa5 {aiming for Rfd1.} Ra8 19. b4 (19. Bc7 $11 {remains equal.}) 19... Bxc3 $17 20. Rad1 cxb4 21. Nc4 Rc8 (21... Rb5 $17 22. Bc7 Rc8 23. Bxd6 Rxc4 24. Bxe7 Ra5 25. Rd8+ Kg7) 22. Nb6 $11 Rc5 23. Rd5 Rxd5 $2 (23... Rxa5 $11 {and Black has nothing to worry.} 24. Rxa5 Rxb6) 24. Nxd5 $18 Rb5 25. Nxc3 (25. Nxe7+ $18 {and the rest is easy.} Kg7 26. Nc6) 25... Rxa5 {[%mdl 4096] Endgame KRN-KR} 26. Ne4 Rxa2 27. Rb1 b3 (27... f5 $14 28. Ng5 e5) 28. f3 b2 29. Kf2 Kg7 30. Ke2 f5 {[#]} 31. Nc3 {[%cal Rc3a2]} Ra3 32. Nd1 Rb3 33. Rxb2 Rxb2+ 34. Nxb2 $16 {KN-KP} Kf6 35. Ke3 e5 36. g3 d5 $2 (36... Ke6 $16) 37. Kd3 $2 (37. f4 $18) 37... Kg5 $1 $11 38. Ke3 {Strongly threatening Nd1.} d4+ $2 {[%mdl 8192] Black is now going downhill.} (38... Kf6 $11 {and Black stays safe.}) 39. Kd3 $18 h5 (39... Kf6 $18 40. Nc4 g5) 40. Nc4 {White mates.} Kf6 41. h4 Ke6 42. f4 e4+ 43. Kxd4 Kf6 44. Kd5 Ke7 45. Ke5 Kf7 46. Ne3 Ke7 47. Nd5+ Kf7 48. Kd6 Kf8 49. Ke6 Kg7 50. Ke7 Kh7 51. Kf6 Kh6 52. Kf7 Kh7 53. Nf6+ Kh6 54. Nd7 e3 55. Ne5 e2 56. Nf3 Kh7 57. Kf6 Kh6 58. Ke5 Kg7 59. Kd4 Kf6 60. Ke3 {Weighted Error Value: White=0.45/Black=0.51} 1-0

[Event "Caplin British Online-ch Women 2020"]
[Site "Online"]
[Date "2020.12.27"]
[Round "4.3"]
[White "Arora, Tashika"]
[Black "lara2007zg"]
[Result "1-0"]
[WhiteElo "1744"]
[BlackElo "1775"]
[Annotator "NA RC"]
[PlyCount "153"]
[EventDate "2020.12.21"]
[EventType "swiss"]
[EventCountry "NET"]
[SourceTitle "playchess.com"]
[Source "ChessBase"]
[SourceQuality "1"]

1. d4 {[%emt 0:00:01]} Nf6 {[%emt 0:00:07]} 2. c4 {[%emt 0:00:01]} g6 {[%emt 0:00:01]} 3. Nc3 {[%emt 0:00:02]} d5 {[%emt 0:00:02]} 4. Nf3 {[%emt 0:00:02]} Bg7 {[%emt 0:00:04]} 5. h4 {[%emt 0:00:02]} c5 {[%emt 0:00:10]} 6. dxc5 {[%emt 0:00:06]} Na6 {[%emt 0:00:15]} 7. cxd5 {[%emt 0:00:08]} Nxc5 {[%emt 0:00:08]} 8. e3 {[%emt 0:00:29]} O-O {[%emt 0:00:26]} 9. Be2 {[%emt 0:00:14]} b6 {[%emt 0:03:27]} 10. O-O {[%emt 0:01:31]} Bb7 {[%emt 0:01:02]} 11. Qc2 {[%emt 0:04:48]} Nxd5 {[%emt 0:02:35]} 12. Nxd5 {[%emt 0:01:17]} Bxd5 {[%emt 0:02:59]} 13. Rd1 {[%emt 0:01:03]} e6 {[%emt 0:00:56]} 14. Bd2 {[%emt 0:06:30]} Rc8 {[%emt 0:02:33]} 15. Bc3 {[%emt 0:01:48]} Ne4 {[%emt 0:00:44]} 16. Rd3 {[%emt 0:04:55]} Qe7 {[%emt 0:02:24]} 17. Rdd1 {[%emt 0:07:47]} Nxc3 {[%emt 0:03:27]} 18. bxc3 {[%emt 0:00:10]} Rxc3 {[%emt 0:00:15]} 19. Qd2 {[%emt 0:00:48]} Ra3 {[%emt 0:01:48]} 20. Rac1 {[%emt 0:01:38]} Rxa2 {[%emt 0:00:19]} 21. Rc2 {[%emt 0:00:29]} Ra4 {[%emt 0:01:10]} 22. Rdc1 {[%emt 0:01:16]} Bxf3 {[%emt 0:03:42]} 23. Bxf3 {[%emt 0:00:07]} Qxh4 {[%emt 0:00:34]} 24. g3 {[%emt 0:01:29]} Qd8 {[%emt 0:01:06]} 25. Qe2 {[%emt 0:00:41]} Qd6 {[%emt 0:00:50]} 26. Rc6 {[%emt 0:01:08]} Qe5 {[%emt 0:00:26]} 27. Qc2 {[%emt 0:00:32]} Qb2 {[%emt 0:00:30]} 28. Qxa4 {[%emt 0:00:50]} a5 {[%emt 0:00:56]} 29. Qc2 {[%emt 0:00:40]} Qf6 {[%emt 0:00:42]} 30. Bg2 {[%emt 0:00:11]} Rb8 {[%emt 0:01:14]} 31. Rc8+ {[%emt 0:00:32]} Rxc8 {[%emt 0:00:28]} 32. Qxc8+ {[%emt 0:00:03]} Bf8 {[%emt 0:00:02]} 33. Qb8 {[%emt 0:00:49]} Qb2 {[%emt 0:00:37]} 34. Rc8 {[%emt 0:01:16]} Qb4 {[%emt 0:00:10]} 35. Bf1 {[%emt 0:01:32]} a4 {[%emt 0:01:54]} 36. Rc6 {[%emt 0:00:42]} a3 {[%emt 0:01:36]} 37. Rxb6 {[%emt 0:00:33]} Qa5 {[%emt 0:00:39]} 38. Ra6 {[%emt 0:00:50]} Qc3 {[%emt 0:00:41]} 39. Ra8 {[%emt 0:00:14]} Qc5 {[%emt 0:00:06]} 40. Qb7 {[%emt 0:00:28]} Kg7 {[%emt 0:00:53]} 41. Ra7 {[%emt 0:00:28]} Qf5 {[%emt 0:00:19]} 42. Qc8 {[%emt 0:00:37]} Bb4 {[%emt 0:01:00]} 43. Qc4 {[%emt 0:00:53]} Be1 {[%emt 0:00:35]} 44. Qf4 {[%emt 0:00:21]} Qxf4 {[%emt 0:01:07]} 45. exf4 {[%emt 0:00:05]} Bb4 {[%emt 0:00:05]} 46. Bc4 {[%emt 0:00:01]} Kf6 {[%emt 0:00:05]} 47. Kg2 {[%emt 0:00:04]} h5 {[%emt 0:00:30]} 48. f3 {[%emt 0:00:09]} Bd6 {[%emt 0:00:09]} 49. Kh3 {[%emt 0:00:19]} Bc5 {[%emt 0:00:52]} 50. Rc7 {[%emt 0:00:09]} Be3 {[%emt 0:00:30]} 51. Ba2 {[%emt 0:00:06]} Bd2 {[%emt 0:00:10]} 52. Rc2 {[%emt 0:00:22]} Bb4 {[%emt 0:00:21]} 53. g4 {[%emt 0:00:07]} hxg4+ {[%emt 0:00:06]} 54. fxg4 {[%emt 0:00:03]} Bd6 {[%emt 0:00:10]} 55. Kg3 {[%emt 0:00:02]} g5 {[%emt 0:00:05]} 56. Kf3 {[%emt 0:00:11]} gxf4 {[%emt 0:01:00]} 57. Rc6 {[%emt 0:00:18]} Ke5 {[%emt 0:00:51]} 58. Ra6 {[%emt 0:00:12]} f6 {[%emt 0:01:14]} 59. Bb3 {[%emt 0:00:28]} f5 {[%emt 0:00:44]} 60. g5 {[%emt 0:00:09]} a2 {[%emt 0:01:29]} 61. Bxa2 {[%emt 0:00:04]} Bf8 {[%emt 0:00:33]} 62. Rxe6+ {[%emt 0:00:05]} Kd4 {[%emt 0:00:06]} 63. Kxf4 {[%emt 0:00:06]} Kc3 {[%emt 0:00:16]} 64. Kxf5 {[%emt 0:00:06]} Kb2 {[%emt 0:00:15]} 65. Bd5 {[%emt 0:00:03]} Kc3 {[%emt 0:00:10]} 66. g6 {[%emt 0:00:04]} Kd4 {[%emt 0:00:02]} 67. Ba2 {[%emt 0:00:03]} Kc3 {[%emt 0:00:04]} 68. Re8 {[%emt 0:00:05]} Bg7 {[%emt 0:00:06]} 69. Re7 {[%emt 0:00:08]} Bf8 {[%emt 0:00:03]} 70. Rf7 {[%emt 0:00:02]} Ba3 {[%emt 0:00:23]} 71. g7 {[%emt 0:00:06]} Kb2 {[%emt 0:00:01]} 72. g8=Q {[%emt 0:00:04]} Ka1 {[%emt 0:00:02]} 73. Be6 {[%emt 0:00:06]} Kb2 {[%emt 0:00:06]} 74. Rb7+ {[%emt 0:00:06]} Bb4 {[%emt 0:00:02]} 75. Rxb4+ {[%emt 0:00:02]} Ka3 {[%emt 0:00:01]} 76. Rb3+ {[%emt 0:00:02]} Ka4 {[%emt 0:00:01]} 77. Qa8# {[%emt 0:00:02]} 1-0

[Event "Caplin British Online-ch Women 2020"]
[Site "Online"]
[Date "2020.12.27"]
[Round "4.4"]
[White "Eliteplayer3"]
[Black "Imogen10"]
[Result "1-0"]
[WhiteElo "1622"]
[BlackElo "1736"]
[Annotator "NA RC"]
[PlyCount "75"]
[EventDate "2020.12.21"]
[EventType "swiss"]
[EventCountry "NET"]
[SourceTitle "playchess.com"]
[Source "ChessBase"]
[SourceQuality "1"]

1. e4 {[%emt 0:00:06]} c5 {[%emt 0:00:05]} 2. Nf3 {[%emt 0:00:05]} Nc6 {[%emt 0:00:07]} 3. Nc3 {[%emt 0:00:13]} g6 {[%emt 0:00:08]} 4. d4 {[%emt 0:00:17]} cxd4 {[%emt 0:00:10]} 5. Nxd4 {[%emt 0:00:07]} Bg7 {[%emt 0:00:14]} 6. Be3 {[%emt 0:00:22]} Nf6 {[%emt 0:01:02]} 7. Nxc6 {[%emt 0:00:30]} bxc6 {[%emt 0:00:15]} 8. e5 {[%emt 0:00:23]} Ng8 {[%emt 0:00:35]} 9. Bd4 {[%emt 0:00:48]} e6 {[%emt 0:01:26]} 10. Ne4 {[%emt 0:01:47]} Ne7 {[%emt 0:02:00]} 11. Nd6+ {[%emt 0:00:43]} Kf8 {[%emt 0:00:02]} 12. g4 {[%emt 0:04:23]} Kg8 {[%emt 0:06:40]} 13. Qf3 {[%emt 0:01:03]} Qf8 {[%emt 0:00:15]} 14. O-O-O {[%emt 0:05:07]} a5 {[%emt 0:05:50]} 15. h4 {[%emt 0:01:48]} h5 {[%emt 0:00:52]} 16. Bh3 {[%emt 0:06:10]} Ba6 {[%emt 0:05:27]} 17. gxh5 {[%emt 0:02:41]} Rxh5 {[%emt 0:04:28]} 18. Bg4 {[%emt 0:01:35]} Rxe5 {[%emt 0:02:24]} 19. Bxe5 {[%emt 0:00:10]} Bxe5 {[%emt 0:00:00]} 20. h5 {[%emt 0:02:19]} g5 {[%emt 0:01:55]} 21. h6 {[%emt 0:01:04]} Bf4+ {[%emt 0:00:53]} 22. Kb1 {[%emt 0:00:36]} Ng6 {[%emt 0:01:35]} 23. h7+ {[%emt 0:01:31]} Kh8 {[%emt 0:00:07]} 24. a3 {[%emt 0:04:52]} Rb8 {[%emt 0:02:08]} 25. Bh5 {[%emt 0:01:43]} Qg7 {[%emt 0:00:57]} 26. c3 {[%emt 0:01:12]} Ne5 {[%emt 0:04:51]} 27. Qe4 {[%emt 0:01:40]} f5 {[%emt 0:00:55]} 28. Qd4 {[%emt 0:01:39]} c5 {[%emt 0:04:57]} 29. Qa4 {[%emt 0:02:33]} Nd3 {[%emt 0:01:02]} 30. Nf7+ {[%emt 0:00:37]} Kxh7 {[%emt 0:00:18]} 31. Be2+ {[%emt 0:00:10]} Kg6 {[%emt 0:00:09]} 32. Bxd3 {[%emt 0:00:10]} Bxd3+ {[%emt 0:00:52]} 33. Rxd3 {[%emt 0:00:06]} Qxf7 {[%emt 0:00:07]} 34. Rdh3 {[%emt 0:00:37]} Kf6 {[%emt 0:00:25]} 35. Rh7 {[%emt 0:00:35]} Qf8 {[%emt 0:00:11]} 36. Qxd7 {[%emt 0:00:49]} Ke5 {[%emt 0:00:17]} 37. Re1+ {[%emt 0:00:08]} Kf6 {[%emt 0:00:02]} 38. Rxe6# {[%emt 0:00:02]} 1-0

[Event "Caplin British Online-ch Women 2020"]
[Site "Online"]
[Date "2020.12.27"]
[Round "4.5"]
[White "secretsuperstar7"]
[Black "febray_27"]
[Result "1-0"]
[WhiteElo "2010"]
[BlackElo "1538"]
[Annotator "NA RC"]
[PlyCount "75"]
[EventDate "2020.12.21"]
[EventType "swiss"]
[EventCountry "NET"]
[SourceTitle "playchess.com"]
[Source "ChessBase"]
[SourceQuality "1"]

1. d4 {[%emt 0:00:03]} Nf6 {[%emt 0:00:05]} 2. c4 {[%emt 0:00:05]} g6 {[%emt 0:00:03]} 3. Nc3 {[%emt 0:00:05]} Bg7 {[%emt 0:00:01]} 4. e4 {[%emt 0:00:11]} d6 {[%emt 0:00:08]} 5. Nf3 {[%emt 0:00:07]} O-O {[%emt 0:00:03]} 6. Be2 {[%emt 0:00:10]} e5 {[%emt 0:00:27]} 7. d5 {[%emt 0:00:16]} a5 {[%emt 0:00:06]} 8. h3 {[%emt 0:00:24]} Na6 {[%emt 0:00:15]} 9. Bg5 {[%emt 0:00:12]} h6 {[%emt 0:00:03]} 10. Be3 {[%emt 0:00:07]} Nh5 {[%emt 0:00:18]} 11. Ng1 {[%emt 0:08:39]} Nf4 {[%emt 0:04:31]} 12. Bf1 {[%emt 0:05:45]} f5 {[%emt 0:06:55]} 13. g3 {[%emt 0:02:29]} Nh5 {[%emt 0:00:06]} 14. exf5 {[%emt 0:01:09]} Qe8 {[%emt 0:05:01]} 15. Be2 {[%emt 0:06:07]} Nf6 {[%emt 0:04:41]} 16. fxg6 {[%emt 0:03:52]} Qxg6 {[%emt 0:00:03]} 17. Nf3 {[%emt 0:08:26]} Nb4 {[%emt 0:04:48]} 18. Rc1 {[%emt 0:01:27]} Bd7 {[%emt 0:13:19]} 19. Nh4 {[%emt 0:01:20]} Qe8 {[%emt 0:02:19]} 20. Qd2 {[%emt 0:01:57]} h5 {[%emt 0:04:07]} 21. a3 {[%emt 0:01:32]} Na6 {[%emt 0:00:04]} 22. Bh6 {[%emt 0:00:18]} Rf7 {[%emt 0:00:59]} 23. Qg5 {[%emt 0:02:22]} Nc5 {[%emt 0:00:31]} 24. Bxg7 {[%emt 0:01:16]} Nfe4 {[%emt 0:01:42]} 25. Nxe4 {[%emt 0:00:13]} Nxe4 {[%emt 0:00:01]} 26. Qe3 {[%emt 0:00:34]} Rxg7 {[%emt 0:00:33]} 27. Qxe4 {[%emt 0:00:04]} Qf7 {[%emt 0:00:11]} 28. Qf3 {[%emt 0:00:26]} Qe7 {[%emt 0:00:20]} 29. Qxh5 {[%emt 0:01:06]} Be8 {[%emt 0:00:11]} 30. Qf3 {[%emt 0:00:30]} Qg5 {[%emt 0:00:01]} 31. Rc3 {[%emt 0:00:15]} Bd7 {[%emt 0:00:16]} 32. Qh5 {[%emt 0:00:22]} Qxh5 {[%emt 0:00:34]} 33. Bxh5 {[%emt 0:00:02]} Rf8 {[%emt 0:00:02]} 34. Rf3 {[%emt 0:00:23]} Rxf3 {[%emt 0:00:21]} 35. Bxf3 {[%emt 0:00:01]} Ba4 {[%emt 0:00:02]} 36. Nf5 {[%emt 0:00:06]} Rg5 {[%emt 0:00:12]} 37. g4 {[%emt 0:00:13]} Bb3 {[%emt 0:00:18]} 38. h4 {[%emt 0:00:06]} 1-0

[Event "Caplin British Online-ch Women 2020"]
[Site "Online"]
[Date "2020.12.27"]
[Round "4.6"]
[White "Livvy"]
[Black "Oh, Julie"]
[Result "1-0"]
[WhiteElo "1932"]
[BlackElo "1168"]
[Annotator "TA"]
[PlyCount "101"]
[EventDate "2020.12.21"]
[EventType "swiss"]
[EventCountry "NET"]
[SourceTitle "playchess.com"]
[Source "ChessBase"]
[SourceQuality "1"]

{[%evp 9,100,0,31,39,58,0,6,-5,2,-29,-10,-12,-16,-28,-39,-16,47,34,10,-6,-13,-14,94,77,170,139,169,164,370,361,358,355,547,523,530,519,468,466,437,329,998,861,854,853,887,799,778,779,709,212,205,149,383,404,356,363,29985,29986,29984,29984,29983,29985,29984,29985,29989,29989,29991,29992,29992,29993,29992,29991,29992,29992,29993,29994,29994,29995,29995,29995,29995,29996,29996,29997,29997,29998,29998,29999,29999,29999,29999,29999,29999]} 1. Nf3 c5 2. g3 e6 3. Bg2 d5 4. O-O Nc6 5. d3 Qc7 6. e4 {A08: King's Indian Attack.} d4 7. Nbd2 (7. c3 $14) 7... Nf6 $11 8. a4 {The position is equal.} e5 9. h3 Be6 10. Ng5 Bd7 11. Nc4 h6 $1 {[%cal Rh6g5]} 12. Nf3 {[#]} Bd6 $146 {[#]} (12... Be6 $11) ({Predecessor:} 12... Be6 13. b3 Nd7 14. Nh4 Nb6 15. Nxb6 Qxb6 16. f4 O-O-O 17. f5 Bd7 18. g4 Be7 {0-1 (42) Gomez,A (1256)-Harney,T (1571) LSS email 2012}) 13. Nfxe5 $1 {[%mdl 64] Remove Defender} Nxe5 14. Nxe5 Bxe5 15. f4 Bxf4 16. Bxf4 $16 Qc8 (16... Qc6 $16) 17. Kh2 O-O {[#]} 18. Bxh6 $1 {[%mdl 512]} Ng4+ $2 (18... Nh7) (18... Qc7 19. Bg5) 19. hxg4 $18 gxh6 {[#]} 20. Rf6 $1 Kg7 (20... Re8 $142 21. Qf3 Re7 22. Rxh6 Qf8) 21. Qf3 Be6 22. Qf4 Rh8 23. Rf1 {[%cal Rf6f7]} Qd7 24. Kg1 Rag8 $2 (24... Rae8 25. g5 hxg5) 25. Qe5 {White threatens Rxf7+ and mate.} Kh7 26. g5 hxg5 27. Kf2 {Intending Rh6+! and mate.} Rg7 28. Rh1+ Kg8 {[#]} 29. Rxh8+ $2 $40 {[%mdl 128] White attacks with force.} (29. Rxe6 $1 {[%mdl 512] White wants to mate with Re8+.} Rxh1 30. Re8+ Kh7 31. Bxh1) 29... Kxh8 30. Qxc5 b6 $2 {Black cannot hold the game after this.} (30... Qc6 $16 {was worth a try.} 31. Rh6+ (31. Qxa7 Qxc2+ {[%mdl 64] Double Attack} 32. Kg1 Qxd3 $15) 31... Kg8 32. Qxd4 Qxc2+ 33. Kg1 Qc1+ 34. Kh2 Rh7 35. Qd8+ Kg7 36. Rxh7+ Kxh7) 31. Qf8+ Kh7 32. e5 Qc8 $2 (32... Bf5 $18 33. Bc6 Qc8 34. Rxf7 Qxf8 35. Rxf8 Bg6) 33. Be4+ {White mates.} Rg6 34. Rxf7+ {[%mdl 64] Deflection} Bxf7 35. Qxc8 Kg7 36. Bxg6 Kxg6 37. e6 Kf6 38. exf7 Kxf7 39. Qd7+ {[%mdl 64] Double Attack} Kf6 40. Qxd4+ Kf5 41. Qe4+ Kf6 42. d4 a6 43. d5 b5 44. axb5 axb5 45. d6 Kf7 46. d7 b4 47. d8=Q b3 48. Qde7+ Kg8 49. Q4e6+ Kh8 50. Q6f6+ Kg8 51. Qfg7# {Weighted Error Value: White=0.31/Black=0.56} 1-0

[Event "Caplin British Online-ch Women 2020"]
[Site "Online"]
[Date "2020.12.27"]
[Round "4.7"]
[White "aboutapawn"]
[Black "AliceeL"]
[Result "0-1"]
[WhiteElo "1216"]
[BlackElo "1781"]
[Annotator "NA RC"]
[PlyCount "68"]
[EventDate "2020.12.21"]
[EventType "swiss"]
[EventCountry "NET"]
[SourceTitle "playchess.com"]
[Source "ChessBase"]
[SourceQuality "1"]

1. e4 {[%emt 0:00:08]} c5 {[%emt 0:00:06]} 2. Nf3 {[%emt 0:00:04]} Nc6 {[%emt 0:00:03]} 3. Bb5 {[%emt 0:00:03]} g6 {[%emt 0:00:28]} 4. Bxc6 {[%emt 0:00:07]} dxc6 {[%emt 0:00:03]} 5. d3 {[%emt 0:00:03]} Bg7 {[%emt 0:00:02]} 6. h3 {[%emt 0:00:05]} Nf6 {[%emt 0:00:34]} 7. Nc3 {[%emt 0:00:04]} Qc7 {[%emt 0:01:20]} 8. Be3 {[%emt 0:00:22]} b6 {[%emt 0:00:44]} 9. Qd2 {[%emt 0:01:43]} e5 {[%emt 0:02:59]} 10. O-O {[%emt 0:01:41]} Bb7 {[%emt 0:01:26]} 11. a4 {[%emt 0:01:06]} a5 {[%emt 0:01:15]} 12. Nh2 {[%emt 0:02:18]} Nh5 {[%emt 0:02:38]} 13. Ne2 {[%emt 0:01:13]} Rd8 {[%emt 0:01:03]} 14. b3 {[%emt 0:01:22]} O-O {[%emt 0:01:17]} 15. Ng4 {[%emt 0:03:36]} Bc8 {[%emt 0:05:32]} 16. Bg5 {[%emt 0:02:56]} f6 {[%emt 0:03:00]} 17. Nh6+ {[%emt 0:02:29]} Kh8 {[%emt 0:02:05]} 18. Bh4 {[%emt 0:02:54]} g5 {[%emt 0:01:49]} 19. Bxg5 {[%emt 0:00:18]} fxg5 {[%emt 0:00:15]} 20. Qxg5 {[%emt 0:00:05]} Bxh6 {[%emt 0:00:54]} 21. Qxh6 {[%emt 0:01:26]} Nf4 {[%emt 0:01:13]} 22. Ng3 {[%emt 0:03:18]} Qd6 {[%emt 0:02:01]} 23. Qxd6 {[%emt 0:00:16]} Rxd6 {[%emt 0:00:03]} 24. Nf5 {[%emt 0:00:05]} Bxf5 {[%emt 0:00:06]} 25. exf5 {[%emt 0:00:05]} Rxf5 {[%emt 0:00:04]} 26. Rae1 {[%emt 0:00:21]} Rg6 {[%emt 0:00:19]} 27. g3 {[%emt 0:01:40]} Nxh3+ {[%emt 0:00:40]} 28. Kg2 {[%emt 0:01:30]} Nf4+ {[%emt 0:00:50]} 29. Kg1 {[%emt 0:01:33]} Ne6 {[%emt 0:00:28]} 30. Re4 {[%emt 0:00:39]} Nd4 {[%emt 0:00:17]} 31. c3 {[%emt 0:00:57]} Nf3+ {[%emt 0:00:06]} 32. Kg2 {[%emt 0:01:39]} Nd2 {[%emt 0:00:04]} 33. Rfe1 {[%emt 0:00:06]} Nxe4 {[%emt 0:00:03]} 34. Rxe4 {[%emt 0:00:03]} Rgf6 {[%emt 0:00:06]} 0-1

[Event "Caplin British Online-ch Women 2020"]
[Site "Online"]
[Date "2020.12.27"]
[Round "4.8"]
[White "floson"]
[Black "puresoul11"]
[Result "0-1"]
[WhiteElo "1173"]
[BlackElo "1579"]
[Annotator "NA RC"]
[PlyCount "104"]
[EventDate "2020.12.21"]
[EventType "swiss"]
[EventCountry "NET"]
[SourceTitle "playchess.com"]
[Source "ChessBase"]
[SourceQuality "1"]

1. e4 {[%emt 0:00:14]} c6 {[%emt 0:00:03]} 2. d4 {[%emt 0:00:33]} d5 {[%emt 0:00:07]} 3. e5 {[%emt 0:00:10]} Bf5 {[%emt 0:00:25]} 4. Nf3 {[%emt 0:00:13]} e6 {[%emt 0:00:15]} 5. Bd3 {[%emt 0:00:06]} Bxd3 {[%emt 0:00:04]} 6. Qxd3 {[%emt 0:00:03]} Ne7 {[%emt 0:00:55]} 7. O-O {[%emt 0:00:07]} Nf5 {[%emt 0:00:05]} 8. c3 {[%emt 0:00:07]} Be7 {[%emt 0:00:22]} 9. Bf4 {[%emt 0:00:10]} O-O {[%emt 0:00:08]} 10. Nbd2 {[%emt 0:00:07]} c5 {[%emt 0:00:25]} 11. b3 {[%emt 0:00:18]} cxd4 {[%emt 0:00:19]} 12. cxd4 {[%emt 0:00:06]} Nc6 {[%emt 0:00:09]} 13. a3 {[%emt 0:00:48]} Qb6 {[%emt 0:01:28]} 14. Be3 {[%emt 0:00:17]} Rac8 {[%emt 0:00:45]} 15. b4 {[%emt 0:00:30]} Rc7 {[%emt 0:00:17]} 16. b5 {[%emt 0:00:12]} Na5 {[%emt 0:00:14]} 17. a4 {[%emt 0:00:14]} Rfc8 {[%emt 0:00:28]} 18. h3 {[%emt 0:02:18]} Rc3 {[%emt 0:03:13]} 19. Qe2 {[%emt 0:00:56]} Rc2 {[%emt 0:00:50]} 20. Qd3 {[%emt 0:00:10]} R8c3 {[%emt 0:00:07]} 21. Qe2 {[%emt 0:00:09]} Nc4 {[%emt 0:00:09]} 22. Nxc4 {[%emt 0:00:49]} Rxc4 {[%emt 0:01:58]} 23. Qd3 {[%emt 0:00:14]} R4c3 {[%emt 0:00:38]} 24. Qd1 {[%emt 0:00:07]} Nxe3 {[%emt 0:02:08]} 25. fxe3 {[%emt 0:00:07]} Qc7 {[%emt 0:01:01]} 26. Re1 {[%emt 0:00:51]} Qc4 {[%emt 0:03:08]} 27. Nd2 {[%emt 0:00:43]} Qb4 {[%emt 0:01:23]} 28. Rb1 {[%emt 0:01:44]} Qxa4 {[%emt 0:01:34]} 29. Rc1 {[%emt 0:01:05]} Qa2 {[%emt 0:02:37]} 30. Ra1 {[%emt 0:00:41]} Qb2 {[%emt 0:00:33]} 31. Rb1 {[%emt 0:00:10]} Qa3 {[%emt 0:00:30]} 32. Rb3 {[%emt 0:01:28]} Rxb3 {[%emt 0:02:17]} 33. Nxb3 {[%emt 0:00:02]} Qxb3 {[%emt 0:00:32]} 34. Re2 {[%emt 0:00:05]} Rc3 {[%emt 0:00:03]} 35. Qxb3 {[%emt 0:00:20]} Rxb3 {[%emt 0:00:03]} 36. Rc2 {[%emt 0:00:01]} Rxb5 {[%emt 0:00:41]} 37. Rc8+ {[%emt 0:00:05]} Bf8 {[%emt 0:00:02]} 38. Kf2 {[%emt 0:00:01]} g6 {[%emt 0:00:33]} 39. Kf3 {[%emt 0:00:03]} Kg7 {[%emt 0:00:05]} 40. Ra8 {[%emt 0:00:05]} a6 {[%emt 0:00:54]} 41. Kg4 {[%emt 0:00:04]} Rb3 {[%emt 0:00:13]} 42. Kg5 {[%emt 0:00:04]} Rxe3 {[%emt 0:00:21]} 43. h4 {[%emt 0:00:01]} Rg3+ {[%emt 0:00:16]} 44. Kf4 {[%emt 0:00:04]} Rxg2 {[%emt 0:00:03]} 45. Rb8 {[%emt 0:00:02]} Rb2 {[%emt 0:00:03]} 46. Kg5 {[%emt 0:00:02]} a5 {[%emt 0:00:32]} 47. h5 {[%emt 0:00:01]} Be7+ {[%emt 0:00:16]} 48. Kg4 {[%emt 0:00:04]} Rb4 {[%emt 0:00:35]} 49. Re8 {[%emt 0:00:06]} Rxd4+ {[%emt 0:00:09]} 50. Kf3 {[%emt 0:00:02]} Bc5 {[%emt 0:00:23]} 51. hxg6 {[%emt 0:00:03]} hxg6 {[%emt 0:00:05]} 52. Rc8 {[%emt 0:00:02]} b6 {[%emt 0:00:02]} 0-1